000 00902nam a22002417a 4500
999 _c62248
_d62248
005 20240530110540.0
008 160508s2014 su g b 000 0 ara d
017 _a1434/8330
_bالسعودية . مكتبة الملك فهد الوطنية
020 _a9786038139134
040 _aEG-CaGPL
082 0 4 _221
_a150\
_bع ع
100 0 _aعلى سيد احمد
245 1 0 _aعلم النفس عبر الثقافات =
_bCross-Cultural Psychology /
_cعلى سيد احمد ، فتحى حسن على
246 1 1 _aCross-Cultural Psychology
250 _aط1
260 _aالرياض :
_bدار الزهراء ،
_c2014 .
300 _a383 ص ؛
_c24 سم .
504 _aيشتمل على ارجاعات ببليوجرافية
650 _aعلم النفس
700 0 _aفتحى حسن على
_eمؤلف مشارك
942 _2ddc
_cBK